000 00295nam a22001337a 4500
008 180312b xxu||||| |||| 00| 0 eng d
020 _a9780760716359
041 _aeng
080 _a7
100 _a42
101 _aART
245 _aTHE COMPLETE DRAWING COURSE
_cSMITH.S
942 _2udc
_cBK
999 _c44694
_d44694